| 000 | 00434pam a2200157a 44500 | ||
|---|---|---|---|
| 008 | 230515b1996 xxu||||| |||| 00| 0 eng d | ||
| 020 | _aNULL | ||
| 041 | _aENGL | ||
| 082 | _a342 FRC. | ||
| 100 | _a"F.R.C.H.," | ||
| 245 | _aPANCHAYATI RAJ:INFORMATION RESOURCE BOOK | ||
| 250 | _a0 | ||
| 260 |
_aMUMBAI _bTHE FOUNDATION FOR RESEARCH IN COMMUNITY HEALTH _c1996 |
||
| 300 | _aXIII+156 | ||
| 650 | _a"POLITICAL SCIENCE,PANCHAYATI RAJ" | ||
| 999 |
_c534473 _d534473 |
||